Friends Episodes: 'This or That' Challenge Quiz Stats

 Plays Quiz Updated Jun 27, 2017

Support Sporcle.
Go Orange.
Score 0/16 Timer 03:00
9 Plays Today
A Answer % Correct
The One with the Male Nanny???
87.9%
The One Where No One's Ready???
85.8%
The One with Joey's Porn Debut???
83.3%
The First One???
80.5%
The One with Joey in a Box???
76.6%
The One with Ross's New Girlfriend???
73.8%
The One Where Everyone Got High???
72.8%
The One with the Filthy Rap Song???
69.1%
A Answer % Correct
The One with the Stolen Ring???
69.1%
The One with Joey's Fridge???
68.6%
The One with Three Proposals???
63.5%
The One with the Secret Closet???
62.2%
The One with the Butt???
61.5%
The One Where Ugly Naked Guy Dies???
59.4%
The One Where Phoebe Hates PBS???
59.3%
The One with the Boobies???
53%

You're not logged in!

Compare scores with friends on all Sporcle quizzes.
OR
Log In
Forgot?

From the Vault

Figure Out the Lyrics (Roadtrip Edition)

by rockgolf

This song will be stuck in your head for the rest of the day, whether you like it or not.
Remove Ads.
Support Sporcle.
Get the best of Sporcle when you Go Orange. This ad-free experience offers more features, more stats, and more fun while also helping to support Sporcle. Thank you for becoming a member.

Show Comments

Extras

Top Quizzes Today


Score Distribution

Your Account Isn't Verified!

In order to create a playlist on Sporcle, you need to verify the email address you used during registration. Go to your Sporcle Settings to finish the process.

Report this User

Report this user for behavior that violates our Community Guidelines.

Details: